000 00588nam a2200229Ia 4500
003 OSt
005 20230614114305.0
008 210329s9999||||xx |||||||||||||| ||und||
040 _cSTCPL
041 _aENG
041 _hENG
082 _a541.35
_bROH-F
100 _aRohatgi-Mukherjee, K. K.
245 0 _aFundamentals of photochemistry /
_cby K. K. Rohatgi-Mukherjee
260 _aNew Delhi :
_bNew Age International Ltd. Publishers ,
_c1997 .
300 _a371 p.
_bPB
650 _aChemirstry
650 _aPhotochemistry
942 _cBK
942 _2ddc
942 _2ddc
999 _c44369
_d44369